[Event "Montcalm CC-ch"]
[Site "Quebec CAN"]
[Date "2023.05.25"]
[Round "5"]
[White "Mercure, Gilbert"]
[Black "Sauve, Richard"]
[Result "0-1"]
[WhiteElo "1763"]
[BlackElo "1968"]
[PlyCount "67"]
[EventDate "2023.04.27"]
[EventType "tourn"]
[EventRounds "5"]
[EventCountry "CAN"]

1. e4 d5 2. exd5 Qxd5 3. Nc3 Qa5 4. b4 Qxb4 5. Rb1 Qd6 6. Rb3 Nf6 7. Nf3 a6 8.
Be2 e6 9. Ba3 Qd8 10. Bxf8 Kxf8 11. O-O Nbd7 12. d4 g6 13. Qd2 Kg7 14. Rd1 Nb6
15. Qg5 Nbd5 16. Nxd5 Qxd5 17. Qg3 Qd6 18. Ne5 Rb8 19. Rf3 Rf8 20. Qh4 Qd8 21.
g4 Qe7 22. Rh3 Rh8 23. g5 Nd7 24. Qh6+ Kg8 25. Ng4 b5 26. Qh4 Bb7 27. Bf3 Bxf3
28. Rxf3 h5 29. Rh3 Kg7 30. Nh6 b4 31. Rdd3 Rb5 32. Rdf3 Qxg5+ 33. Qxg5 Rxg5+
34. Kf1 0-1

[Event "Montcalm CC-ch"]
[Site "Quebec CAN"]
[Date "2023.05.25"]
[Round "5"]
[White "Plante, Rejean"]
[Black "Lapierre, Gaetan"]
[Result "1/2-1/2"]
[WhiteElo "1967"]
[BlackElo "1727"]
[PlyCount "59"]
[EventDate "2023.04.27"]
[EventType "tourn"]
[EventRounds "5"]
[EventCountry "CAN"]

1. d4 Nf6 2. c4 c5 3. d5 e5 4. Nc3 d6 5. e4 g6 6. h3 a6 7. g4 Bg7 8. Bd3 O-O 9.
Nge2 Ne8 10. Ng3 Qh4 11. Be3 Bh6 12. Qd2 Bxe3 13. Qxe3 h6 14. O-O-O Qg5 15. Kd2
Bd7 16. a4 Ng7 17. Rdg1 Qxe3+ 18. Kxe3 a5 19. f4 f6 20. Be2 Na6 21. f5 g5 22.
h4 Kf7 23. b3 b6 24. hxg5 hxg5 25. Rh7 Rh8 26. Rgh1 Rxh7 27. Rxh7 Kg8 28. Rh6
Rf8 29. Nh5 Nxh5 30. Rxh5 1/2-1/2

[Event "Montreal CC-ch"]
[Site "Montreal CAN"]
[Date "2023.06.16"]
[Round "1.2"]
[White "Genzling, Jerome"]
[Black "Berthiaume, Yves"]
[Result "1-0"]
[WhiteElo "2157"]
[BlackElo "1478"]
[PlyCount "59"]
[EventDate "2023.06.16"]
[EventType "swiss"]
[EventRounds "5"]
[EventCountry "CAN"]

1. e4 e6 2. d4 d5 3. e5 c5 4. c3 Nc6 5. Nf3 Qb6 6. a3 cxd4 7. cxd4 Nge7 8. b4
Nf5 9. Be3 Be7 10. Be2 Nxe3 11. fxe3 O-O 12. O-O Bd7 13. Nc3 f6 14. exf6 Rxf6
15. Rc1 Raf8 16. Na4 Qd8 17. Nc5 Bc8 18. Qc2 Rh6 19. b5 b6 20. bxc6 bxc5 21.
Ne5 Rxf1+ 22. Rxf1 Rf6 23. Rb1 Bd6 24. Bd3 Rh6 25. Qf2 Rf6 26. Qg3 c4 27. Bc2
Qf8 28. a4 Rf2 29. Qxf2 Qxf2+ 30. Kxf2 1-0

[Event "Montreal CC-ch"]
[Site "Montreal CAN"]
[Date "2023.06.16"]
[Round "1.3"]
[White "Ramesan, Raunak Amit"]
[Black "Guillemette, Hugo"]
[Result "0-1"]
[WhiteElo "1478"]
[BlackElo "2125"]
[PlyCount "96"]
[EventDate "2023.06.16"]
[EventType "swiss"]
[EventRounds "5"]
[EventCountry "CAN"]

1. e4 c5 2. c3 Nf6 3. e5 Nd5 4. d4 cxd4 5. cxd4 e6 6. Nf3 b6 7. Nc3 Nxc3 8.
bxc3 Qc7 9. Qc2 Bb7 10. Be2 d6 11. Bf4 Nd7 12. O-O dxe5 13. Nxe5 Bd6 14. Bb5
O-O 15. Bxd7 Bxe5 16. Bxe5 Qxd7 17. Rad1 Qc6 18. f3 Rac8 19. Rc1 f6 20. Bf4 Ba6
21. Rfe1 Bc4 22. a3 Bd5 23. Qf2 Qd7 24. Qg3 Rc4 25. Re2 Rfc8 26. Rec2 Qf7 27.
Kf2 Qh5 28. Qg4 Qxg4 29. fxg4 Ra4 30. Bd6 Rc6 31. Bb4 a5 32. Be7 Kf7 33. Bd8
Rac4 34. g5 f5 35. Rb2 Rxc3 36. Rxc3 Rxc3 37. Bxb6 Rxa3 38. Bc5 Rc3 39. h4 Bb3
40. g3 a4 41. Ba3 Kg6 42. Bf8 Bd5 43. Bd6 a3 44. Rb1 a2 45. Ra1 Rc2+ 46. Ke3
Rb2 47. h5+ Kxh5 48. Rh1+ Bxh1 0-1

[Event "Montreal CC-ch"]
[Site "Montreal CAN"]
[Date "2023.06.16"]
[Round "1.4"]
[White "Chapdelaine, Gwyn"]
[Black "Qi, Jason"]
[Result "1-0"]
[WhiteElo "2110"]
[BlackElo "1431"]
[PlyCount "103"]
[EventDate "2023.06.16"]
[EventType "swiss"]
[EventRounds "5"]
[EventCountry "CAN"]

1. d4 Nf6 2. c4 e6 3. g3 c5 4. d5 exd5 5. cxd5 d6 6. Nc3 g6 7. Bg2 Bg7 8. Nf3
Bg4 9. h3 Bxf3 10. Bxf3 a6 11. a4 Nbd7 12. e4 O-O 13. O-O Ne8 14. Bg2 Nc7 15.
Qb3 Rb8 16. Bf4 Qe7 17. Rfb1 b5 18. axb5 Nxb5 19. Nxb5 Rxb5 20. Qd3 Rxb2 21.
Rxb2 Bxb2 22. Rxa6 Be5 23. Bxe5 Nxe5 24. Qb5 f5 25. f4 Nf7 26. e5 dxe5 27. Re6
Qc7 28. fxe5 Nxe5 29. d6 Qd7 30. Qxd7 Nxd7 31. Bd5 Kh8 32. Bc6 Rd8 33. Re7 Nb8
34. Bb5 Rxd6 35. Re8+ Kg7 36. Rxb8 Rd1+ 37. Kf2 Rb1 38. Rb7+ Kf6 39. Bc6 Rxb7
40. Bxb7 h6 41. Ke3 Ke5 42. Bf3 g5 43. Kd3 g4 44. hxg4 fxg4 45. Bxg4 Kf6 46.
Bh5 Ke5 47. Kc4 Kd6 48. Bf3 Ke5 49. Kxc5 Kf5 50. Bh5 Kf6 51. Kd6 Kg7 52. Ke7
1-0

[Event "Montreal CC-ch"]
[Site "Montreal CAN"]
[Date "2023.06.16"]
[Round "1.5"]
[White "Cloutier, Stephane"]
[Black "Mok, Yuen Tak"]
[Result "0-1"]
[WhiteElo "1428"]
[BlackElo "2075"]
[PlyCount "40"]
[EventDate "2023.06.16"]
[EventType "swiss"]
[EventRounds "5"]
[EventCountry "CAN"]

1. Nf3 d5 2. d4 Nf6 3. c4 c6 4. b3 Bf5 5. e3 e6 6. Nbd2 Nbd7 7. Be2 h6 8. Bb2
Be7 9. O-O O-O 10. c5 Qc7 11. b4 Ne4 12. Nxe4 dxe4 13. Ne5 Nf6 14. a4 b6 15.
cxb6 Qxb6 16. b5 cxb5 17. axb5 a6 18. Qb3 Rab8 19. Rxa6 Qxa6 20. Nc6 Qxc6 0-1

[Event "Montreal CC-ch"]
[Site "Montreal CAN"]
[Date "2023.06.16"]
[Round "1.6"]
[White "Singher, Jean-Pierre"]
[Black "Yaron Bachrach, Yaron"]
[Result "1-0"]
[WhiteElo "2041"]
[BlackElo "1395"]
[PlyCount "53"]
[EventDate "2023.06.16"]
[EventType "swiss"]
[EventRounds "5"]
[EventCountry "CAN"]

1. d4 d5 2. Nf3 Nf6 3. Bf4 g6 4. e3 Bg7 5. Bd3 c5 6. O-O Nc6 7. c3 O-O 8. Nbd2
Qb6 9. Rb1 Bf5 10. Bxf5 gxf5 11. b4 cxb4 12. cxb4 Ne4 13. Rb3 Rac8 14. h3 Kh8
15. g4 fxg4 16. hxg4 Nf6 17. Nh4 Rg8 18. Bg3 e6 19. g5 Nd7 20. Qh5 Nxd4 21.
exd4 Bxd4 22. Ndf3 Rg7 23. Qg4 Bf6 24. Qh5 Bxg5 25. Nxg5 Rxg5 26. Qxg5 Rg8 27.
Qe7 1-0

[Event "Montreal CC-ch"]
[Site "Montreal CAN"]
[Date "2023.06.16"]
[Round "1.7"]
[White "Avarian, Sevag"]
[Black "Daly, Jean"]
[Result "0-1"]
[WhiteElo "1949"]
[BlackElo "1380"]
[PlyCount "46"]
[EventDate "2023.06.16"]
[EventType "swiss"]
[EventRounds "5"]
[EventCountry "CAN"]

1. e4 c5 2. Nf3 Nc6 3. Bb5 g6 4. Bxc6 dxc6 5. c3 Nf6 6. e5 Nd5 7. c4 Nb4 8. O-O
Bf5 9. Na3 Bd3 10. Re1 Bh6 11. b3 O-O 12. Bb2 Qa5 13. e6 f6 14. Qc1 Rad8 15.
Bc3 Rd6 16. Nc2 Bxc2 17. a3 Nd3 18. Qxc2 Nxe1 19. Rxe1 Qd8 20. d4 cxd4 21. Bxd4
Rxd4 22. Nxd4 Qxd4 23. Re4 Qa1+ 0-1

[Event "Montreal CC-ch"]
[Site "Montreal CAN"]
[Date "2023.06.16"]
[Round "1.8"]
[White "Lima-Barbosa, Raphael"]
[Black "Miron, Gilles"]
[Result "1-0"]
[WhiteElo "1938"]
[BlackElo "1332"]
[PlyCount "139"]
[EventDate "2023.06.16"]
[EventType "swiss"]
[EventRounds "5"]
[EventCountry "CAN"]

1. d4 d5 2. c4 e6 3. Nc3 Nf6 4. cxd5 exd5 5. Bg5 c6 6. e3 Be7 7. Qc2 Bg4 8. Bd3
Nbd7 9. Nge2 O-O 10. f3 Bh5 11. O-O Bg6 12. e4 dxe4 13. fxe4 Ng4 14. Bf4 Bg5
15. Qd2 Bxf4 16. Rxf4 Ngf6 17. Qe3 Qb6 18. Kh1 Rfe8 19. Qh3 Nf8 20. e5 Nd5 21.
Nxd5 cxd5 22. Rb1 Bxd3 23. Qxd3 Ng6 24. Rg4 Qe6 25. Rg3 Qe7 26. Nc3 Rad8 27.
Rf1 a6 28. Rgf3 Rf8 29. g3 Qe6 30. Na4 Rc8 31. Nc5 Rxc5 32. dxc5 Nxe5 33. Qf5
Nxf3 34. Rxf3 Qxf5 35. Rxf5 Rd8 36. Rf3 d4 37. Rd3 f6 38. Kg2 Kf7 39. Kf3 Ke6
40. Ke2 Ke5 41. Rb3 Rd7 42. Kd3 Kd5 43. a4 Kxc5 44. a5 Re7 45. Rb6 f5 46. Kd2
Kd5 47. Kd3 Ke5 48. Rb4 Rd7 49. Rc4 g5 50. Rc8 Rd5 51. Rc7 Rb5 52. Re7+ Kf6 53.
Rxh7 Rxb2 54. Kxd4 Kg6 55. Re7 Rb5 56. Ke3 Kf6 57. Rh7 Kg6 58. Rd7 Kf6 59. Rh7
Ke5 60. Re7+ Kd5 61. Rf7 Kc4 62. h4 f4+ 63. gxf4 gxh4 64. Rh7 h3 65. Ke4 Kb4
66. f5 Rxa5 67. f6 Ra1 68. Rxh3 b5 69. f7 Re1+ 70. Kf4 1-0

[Event "Montreal CC-ch"]
[Site "Montreal CAN"]
[Date "2023.06.16"]
[Round "1.9"]
[White "Pepin, Pierre-Luc"]
[Black "Bain-Thouvarez, Aurelien"]
[Result "0-1"]
[WhiteElo "1292"]
[BlackElo "1883"]
[PlyCount "63"]
[EventDate "2023.06.16"]
[EventType "swiss"]
[EventRounds "5"]
[EventCountry "CAN"]

1. e4 Nf6 2. Nc3 d5 3. exd5 Nxd5 4. Nxd5 Qxd5 5. Nf3 e5 6. d3 Bg4 7. Be2 Nc6 8.
h3 Bh5 9. O-O O-O-O 10. a3 e4 11. Ne1 Bxe2 12. Qxe2 f5 13. Be3 Be7 14. dxe4
fxe4 15. c3 g5 16. f4 gxf4 17. Bxf4 Bd6 18. Bxd6 Rxd6 19. Nc2 Rg8 20. Rad1 Qe6
21. Rxd6 cxd6 22. Kh1 Qg6 23. Ne3 Ne5 24. Rf4 a5 25. Rf1 Kb8 26. Nd1 d5 27. Ne3
Qg3 28. Qf2 Qxf2 29. Rxf2 Nd3 30. Rd2 Rg5 31. c4 d4 32. Nc2 {
illisible (0-1 61 coups)} 0-1

[Event "Montreal CC-ch"]
[Site "Montreal CAN"]
[Date "2023.06.16"]
[Round "1.10"]
[White "Chasles, Jean-Benoit"]
[Black "Emin, Sebastien"]
[Result "1-0"]
[WhiteElo "1829"]
[BlackElo "1272"]
[PlyCount "27"]
[EventDate "2023.06.16"]
[EventType "swiss"]
[EventRounds "5"]
[EventCountry "CAN"]

1. e4 c6 2. Nf3 d5 3. Nc3 dxe4 4. Nxe4 g6 5. Bc4 e6 6. O-O Bg7 7. d4 Nf6 8. Re1
O-O 9. c3 b5 10. Bd3 Na6 11. Bg5 Nc7 12. Ne5 Bb7 13. Qf3 Ncd5 14. Ng4 1-0

[Event "Montreal CC-ch"]
[Site "Montreal CAN"]
[Date "2023.06.16"]
[Round "1.11"]
[White "Imbeault, Marc"]
[Black "Baran, Marius"]
[Result "0-1"]
[WhiteElo "1254"]
[BlackElo "1803"]
[PlyCount "110"]
[EventDate "2023.06.16"]
[EventType "swiss"]
[EventRounds "5"]
[EventCountry "CAN"]

1. e4 d5 2. exd5 Nf6 3. Nf3 Nxd5 4. g3 Bg4 5. Bg2 Nc6 6. c3 Nb6 7. O-O e6 8. d4
Be7 9. Nbd2 O-O 10. Re1 Qd7 11. h3 Bh5 12. g4 Bg6 13. Nf1 h6 14. Bf4 Nd5 15.
Bg3 Rad8 16. N1d2 Bd6 17. Nc4 Bxg3 18. fxg3 f6 19. Qe2 Rfe8 20. Rad1 h5 21. Ne3
Nce7 22. Qf2 Nxe3 23. Rxe3 Nd5 24. Re2 c6 25. Red2 a5 26. Bf1 Nb6 27. b3 Qc7
28. Kg2 Nd5 29. Bd3 Bxd3 30. Rxd3 e5 31. dxe5 fxe5 32. Nh4 e4 33. Rxd5 cxd5 34.
Qd4 Qe5 35. Qe3 b5 36. c4 d4 37. Qd2 e3 38. Qd3 e2 39. Re1 Rd6 40. Nf5 Rd7 41.
Kf2 Qf6 42. Rxe2 Rxe2+ 43. Kxe2 Qe5+ 44. Kd2 Kh8 45. Nh4 Kg8 46. Nf5 Rd8 47.
Nh4 Qg5+ 48. Kc2 Kf7 49. Qf3+ Qf6 50. Qb7+ Kf8 51. Nf5 d3+ 52. Kd2 Qb2+ 53. Ke3
d2 54. Kf4 Rd4+ 55. Ke5 Rd7+ 0-1

[Event "Montreal CC-ch"]
[Site "Montreal CAN"]
[Date "2023.06.16"]
[Round "1.12"]
[White "Kozlov, Guennadi"]
[Black "Brunelle, Raymond"]
[Result "1-0"]
[WhiteElo "1739"]
[BlackElo "1248"]
[PlyCount "64"]
[EventDate "2023.06.16"]
[EventType "swiss"]
[EventRounds "5"]
[EventCountry "CAN"]

1. e4 c5 2. Nf3 d6 3. d4 cxd4 4. c3 dxc3 5. Nxc3 a6 6. Bc4 e6 7. O-O Nc6 8. Qe2
g6 9. Rd1 Qe7 10. Bf4 e5 11. Nd5 Qd8 12. Be3 Be6 13. Bb6 Qc8 14. Nc7+ Ke7 15.
Nxa8 Bxc4 16. Qxc4 Qxa8 17. Bc7 b5 18. Qd5 Kf6 19. Rac1 Nge7 20. Qxd6+ Kg7 21.
Nxe5 Nxe5 22. Qxe5+ f6 23. Qe6 Qe8 24. Rd8 Qf7 25. Qxa6 h5 26. Qxb5 Kh6 27. a4
Bg7 28. Rxh8+ Bxh8 29. Bd8 Ng8 30. h4 Qe6 31. Qd5 Qe8 32. Rc7 Qxa4 1-0

[Event "Montreal CC-ch"]
[Site "Montreal CAN"]
[Date "2023.06.17"]
[Round "2"]
[White "Qi, Jason"]
[Black "Bond, Yvon"]
[Result "1/2-1/2"]
[WhiteElo "1431"]
[BlackElo "1230"]
[PlyCount "91"]
[EventDate "2023.06.16"]
[EventType "swiss"]
[EventRounds "5"]
[EventCountry "CAN"]

1. e4 e5 2. Nf3 d6 3. d4 exd4 4. Nxd4 Nf6 5. Bd3 Bg4 6. f3 Bd7 7. Nc3 Nc6 8.
Be3 Nxd4 9. Bxd4 Be7 10. Qd2 Be6 11. Be3 Nd7 12. O-O-O Ne5 13. Be2 Nc4 14. Bxc4
Bxc4 15. Qd4 Be6 16. Nd5 Bxd5 17. Qxd5 c6 18. Qd3 O-O 19. Kb1 Qc7 20. g4 c5 21.
b3 a5 22. a4 Rac8 23. c4 Rcd8 24. g5 Rd7 25. Qd5 Rfd8 26. h4 Qc6 27. h5 Qxd5
28. Rxd5 f6 29. g6 h6 30. Rhd1 b6 31. f4 Kf8 32. e5 Ke8 33. e6 Rc7 34. f5 Kf8
35. Bf4 Ra7 36. Bxd6 Bxd6 37. Rxd6 Rxd6 38. Rxd6 Rb7 39. Kc2 Ke7 40. Rd5 Rc7
41. Kd3 Rb7 42. Ke4 Rc7 43. Rd7+ Rxd7 44. exd7 Kd8 45. Kd5 Kxd7 46. Ke4 1/2-1/2

[Event "Montreal CC-ch"]
[Site "Montreal CAN"]
[Date "2023.06.17"]
[Round "2.2"]
[White "Gauthier, Luc"]
[Black "Genzling, Jerome"]
[Result "1-0"]
[WhiteElo "1694"]
[BlackElo "2157"]
[PlyCount "65"]
[EventDate "2023.06.16"]
[EventType "swiss"]
[EventRounds "5"]
[EventCountry "CAN"]

1. e4 c5 2. Nc3 Nc6 3. g3 g6 4. Bg2 Bg7 5. d3 d6 6. f4 e6 7. Nf3 Nge7 8. O-O
O-O 9. Be3 Nd4 10. e5 dxe5 11. fxe5 Rb8 12. Ne4 b6 13. Qd2 Bb7 14. Nf6+ Kh8 15.
c3 Ndf5 16. Bf4 Nd5 17. Nxd5 Bxd5 18. Bg5 Qd7 19. g4 Ne7 20. Bf6 Ng8 21. g5
Rfc8 22. Qf4 Qe8 23. Kf2 b5 24. Rh1 Ne7 25. h4 Nf5 26. h5 Bxf6 27. gxf6 Qg8 28.
Rag1 c4 29. hxg6 fxg6 30. Ng5 Rc7 31. Bxd5 exd5 32. e6 Rbb7 33. Qe5 1-0

[Event "Montreal CC-ch"]
[Site "Montreal CAN"]
[Date "2023.06.17"]
[Round "2.3"]
[White "Guillemette, Hugo"]
[Black "Allaire, Denis"]
[Result "1-0"]
[WhiteElo "2125"]
[BlackElo "1691"]
[PlyCount "117"]
[EventDate "2023.06.16"]
[EventType "swiss"]
[EventRounds "5"]
[EventCountry "CAN"]

1. e4 e5 2. Nf3 Nf6 3. Nxe5 Nxe4 4. Qe2 Qe7 5. Qxe4 d6 6. d4 dxe5 7. dxe5 Nc6
8. Bb5 Bd7 9. Nc3 O-O-O 10. Bf4 a6 11. Be2 Qb4 12. O-O-O Qxe4 13. Nxe4 Be7 14.
Bc4 Bf5 15. Ng3 Bg4 16. Rxd8+ Rxd8 17. Re1 Rd4 18. Be3 Rxc4 19. b3 Bb4 20. Rf1
Ba3+ 21. Kb1 Rb4 22. Bc5 Rxb3+ 23. axb3 Bxc5 24. h3 Be6 25. Ne4 Bd4 26. f4 Bd5
27. Re1 g5 28. Nxg5 Bxg2 29. Re2 Bf1 30. Re1 Bg2 31. Re2 Bf1 32. Re1 Bg2 33.
Nxf7 Bxh3 34. Rh1 Bf5 35. Nh6 Be4 36. Re1 Bf3 37. e6 Ne7 38. f5 Bg7 39. Rf1
Bxh6 40. f6 Bf8 41. fxe7 Bxe7 42. Rxf3 h6 43. c4 a5 44. Kc2 Kd8 45. Kd3 h5 46.
Rf5 h4 47. Rxa5 Bd6 48. Rh5 Ke7 49. Rh6 h3 50. Ke4 h2 51. Kf5 Kf8 52. Rh7 b6
53. Kg6 Be5 54. e7+ Ke8 55. Kf5 Bd6 56. Ke6 h1=Q 57. Rxh1 Bxe7 58. Rh8+ Bf8 59.
b4 1-0

[Event "Montreal CC-ch"]
[Site "Montreal CAN"]
[Date "2023.06.17"]
[Round "2.4"]
[White "Blouin, Frederic"]
[Black "Chapdelaine, Gwyn"]
[Result "0-1"]
[WhiteElo "1653"]
[BlackElo "2110"]
[PlyCount "68"]
[EventDate "2023.06.16"]
[EventType "swiss"]
[EventRounds "5"]
[EventCountry "CAN"]

1. c4 Nf6 2. g3 d5 3. cxd5 Qxd5 4. Nf3 Bf5 5. d3 Qd8 6. Bg2 c6 7. b3 e6 8. Nbd2
Nbd7 9. Bb2 h6 10. O-O Be7 11. Rc1 O-O 12. Nc4 Bh7 13. Qd2 Nd5 14. a3 Nc5 15.
Nd4 Bf6 16. b4 Bxd4 17. Bxd4 Nb3 18. Qb2 Nxc1 19. Bxg7 Nxe2+ 20. Kh1 Re8 21.
Bxh6 Qf6 22. Qd2 Nd4 23. Nd6 Reb8 24. Bg5 Nf3 25. Bxf3 Qxf3+ 26. Kg1 Qxd3 27.
Qb2 Nc3 28. Re1 Qxd6 29. Qxc3 Qd3 30. Qf6 Qf5 31. Re5 Qxf6 32. Bxf6 Rd8 33.
Rg5+ Bg6 34. h4 Rd5 0-1

[Event "Montreal CC-ch"]
[Site "Montreal CAN"]
[Date "2023.06.17"]
[Round "2.5"]
[White "Mok, Yuen Tak"]
[Black "Mourad, Michel"]
[Result "1-0"]
[WhiteElo "2075"]
[BlackElo "1606"]
[PlyCount "115"]
[EventDate "2023.06.16"]
[EventType "swiss"]
[EventRounds "5"]
[EventCountry "CAN"]

1. Nf3 Nf6 2. c4 e6 3. g3 Be7 4. Bg2 O-O 5. O-O c6 6. b3 d5 7. d4 Nbd7 8. Qc2
b6 9. Rd1 Bb7 10. Nc3 Rc8 11. e4 dxe4 12. Nxe4 c5 13. Nxf6+ Bxf6 14. Ng5 Bxg5
15. Bxb7 Rc7 16. Be4 f5 17. Bg2 cxd4 18. Bxg5 Qxg5 19. Rxd4 Nf6 20. Qe2 Re7 21.
f4 Qh6 22. Re1 Nd7 23. Rd6 Rf6 24. Qd1 Nf8 25. Re5 Ng6 26. Re2 Nf8 27. Rd8 Kf7
28. Qd2 Qh5 29. Qe3 Ng6 30. b4 Rc7 31. Bf3 Qh3 32. c5 bxc5 33. bxc5 Ne7 34. Qe5
Rc8 35. Rxc8 Nxc8 36. c6 g5 37. Rd2 Ne7 38. Rd7 Rh6 39. Rd2 Ng6 40. Qc7+ Kf6
41. Qd8+ Ne7 42. Qf8+ Kg6 43. Qxe7 gxf4 44. Qxe6+ Kg5 45. Qe7+ Rf6 46. Rd6 fxg3
47. Qxf6+ Kf4 48. Qh6+ Qxh6 49. Rxh6 Kxf3 50. hxg3 a5 51. c7 a4 52. c8=Q f4 53.
Qc3+ Kg4 54. Rh4+ Kg5 55. Qe5+ Kg6 56. Rg4+ Kf7 57. Rg7+ Kf8 58. Qe7# 1-0

[Event "Montreal CC-ch"]
[Site "Montreal CAN"]
[Date "2023.06.17"]
[Round "2.6"]
[White "Banger, Sartaj"]
[Black "Singher, Jean-Pierre"]
[Result "0-1"]
[WhiteElo "1555"]
[BlackElo "2041"]
[PlyCount "56"]
[EventDate "2023.06.16"]
[EventType "swiss"]
[EventRounds "5"]
[EventCountry "CAN"]

1. e4 c5 2. Nf3 Nc6 3. d4 cxd4 4. Nxd4 e5 5. Nb5 d6 6. c4 Be6 7. N1c3 a6 8. Na3
g6 9. Be3 Nf6 10. Be2 Bg7 11. Qd2 O-O 12. O-O Nd4 13. Bxd4 exd4 14. Qxd4 Nd5
15. Qd3 Nxc3 16. bxc3 Qa5 17. Nb1 Rac8 18. Qxd6 Rfd8 19. Qg3 Bxc4 20. Bxc4 Rxc4
21. Qe3 b5 22. e5 Qc7 23. f4 Qc6 24. Rc1 b4 25. a4 Bh6 26. g3 Bf8 27. Kf1 Bc5
28. Qe1 Qf3+ 0-1

[Event "Montreal CC-ch"]
[Site "Montreal CAN"]
[Date "2023.06.17"]
[Round "2.7"]
[White "Avarian, Sevag"]
[Black "Bernardi, Felipe"]
[Result "1-0"]
[WhiteElo "1949"]
[BlackElo "1556"]
[PlyCount "113"]
[EventDate "2023.06.16"]
[EventType "swiss"]
[EventRounds "5"]
[EventCountry "CAN"]

1. e4 c5 2. Nc3 Nc6 3. Bb5 a6 4. Bxc6 bxc6 5. f4 d5 6. Nf3 Bg4 7. h3 Bxf3 8.
Qxf3 e6 9. b3 Qb6 10. Ba3 Nf6 11. e5 Nd7 12. Na4 Qa5 13. c4 g6 14. Qc3 Qxc3 15.
Nxc3 Be7 16. d3 Bh4+ 17. Ke2 Bd8 18. Na4 Be7 19. Raf1 h5 20. h4 Rb8 21. Rc1 d4
22. Kf3 Kd8 23. g3 Kc7 24. Rb1 Rb7 25. Rhe1 Rbb8 26. Re2 Rb7 27. Nb2 Rhb8 28.
Nd1 a5 29. Reb2 Nb6 30. Nf2 Nd7 31. Ne4 Rb6 32. Ke2 R6b7 33. Nd2 Nb6 34. Nf3
Nd7 35. Nxd4 cxd4 36. Bxe7 c5 37. Bd6+ Kc6 38. Bxb8 Nxb8 39. a3 Na6 40. Kd2 Rb8
41. Kc2 Rb7 42. Rh1 Rb8 43. Rbb1 Rg8 44. Rbg1 Rh8 45. g4 Kd7 46. gxh5 Rxh5 47.
Rg5 Rh8 48. h5 gxh5 49. Rhxh5 Rb8 50. Rg7 Ke7 51. Rh6 Rf8 52. f5 Nc7 53. f6+
Ke8 54. Rgh7 Kd7 55. Rh8 Re8 56. Rxe8 Kxe8 57. Rh8+ 1-0

[Event "Montreal CC-ch"]
[Site "Montreal CAN"]
[Date "2023.06.17"]
[Round "2.8"]
[White "Milosz, Jerzy"]
[Black "Lima-Barbosa, Raphael"]
[Result "0-1"]
[WhiteElo "1549"]
[BlackElo "1938"]
[PlyCount "44"]
[EventDate "2023.06.16"]
[EventType "swiss"]
[EventRounds "5"]
[EventCountry "CAN"]

1. e4 c5 2. Nf3 Nc6 3. d4 cxd4 4. Nxd4 e5 5. Nb5 d6 6. N1c3 a6 7. Na3 Be7 8.
Nd5 Nf6 9. Nxf6+ Bxf6 10. Bd3 O-O 11. c3 Be6 12. O-O b5 13. Nc2 Ne7 14. Ne3 d5
15. exd5 Nxd5 16. Be4 Nxe3 17. Bxe3 Rb8 18. Bc5 Qxd1 19. Rfxd1 Rfe8 20. Bd6
Rbd8 21. Bc6 Bd7 22. Bc7 Bxc6 0-1

[Event "Montreal CC-ch"]
[Site "Montreal CAN"]
[Date "2023.06.17"]
[Round "2.9"]
[White "Bain-Thouvarez, Aurelien"]
[Black "Millette, Sylvain"]
[Result "1-0"]
[WhiteElo "1883"]
[BlackElo "1548"]
[PlyCount "51"]
[EventDate "2023.06.16"]
[EventType "swiss"]
[EventRounds "5"]
[EventCountry "CAN"]

1. e4 Nf6 2. e5 Nd5 3. d4 d6 4. Nf3 Nc6 5. Bc4 dxe5 6. Nxe5 Nxe5 7. dxe5 e6 8.
Qg4 h6 9. O-O Bd7 10. a4 Qe7 11. c3 Nb6 12. Be2 Qc5 13. a5 Nd5 14. b4 Nxb4 15.
cxb4 Qxe5 16. Ra2 Bc6 17. Bb2 Qd5 18. Nc3 Qb3 19. b5 Bd5 20. Nxd5 Qxd5 21. Bc4
Qg5 22. Bxe6 fxe6 23. Qxe6+ Be7 24. Re1 Rd8 25. Ba3 Rd7 26. Rae2 1-0

[Event "Montreal CC-ch"]
[Site "Montreal CAN"]
[Date "2023.06.17"]
[Round "2.10"]
[White "Kartobi, Youcef"]
[Black "Chasles, Jean-Benoit"]
[Result "1/2-1/2"]
[WhiteElo "1527"]
[BlackElo "1829"]
[PlyCount "57"]
[EventDate "2023.06.16"]
[EventType "swiss"]
[EventRounds "5"]
[EventCountry "CAN"]

1. d4 Nf6 2. c4 e6 3. Nf3 d5 4. g3 dxc4 5. Qa4+ Bd7 6. Qxc4 Nc6 7. Bg2 Rb8 8.
O-O Be7 9. Bg5 O-O 10. Bxf6 Bxf6 11. Nc3 e5 12. dxe5 Nxe5 13. Nxe5 Bxe5 14.
Rfd1 Be6 15. Qc5 Bd6 16. Qxa7 Qe7 17. Qe3 Bc5 18. Qe5 Bd6 19. Qe3 Bc5 20. Qe5
c6 21. Na4 Ba7 22. Rac1 Qb4 23. b3 Rfe8 24. Qc3 Qd6 25. Qb2 Qb4 26. Qc3 Qa3 27.
Qb2 Qe7 28. Qe5 Qa3 29. Qb2 1/2-1/2

[Event "Montreal CC-ch"]
[Site "Montreal CAN"]
[Date "2023.06.17"]
[Round "2.11"]
[White "Baran, Marius"]
[Black "Menard, Fabien"]
[Result "1-0"]
[WhiteElo "1803"]
[BlackElo "1136"]
[PlyCount "77"]
[EventDate "2023.06.16"]
[EventType "swiss"]
[EventRounds "5"]
[EventCountry "CAN"]

1. d4 f5 2. g3 Nf6 3. Bg2 e6 4. Bg5 Be7 5. Nf3 O-O 6. O-O Ne4 7. Bxe7 Qxe7 8.
Nbd2 d5 9. Ne5 Nd7 10. Nxd7 Bxd7 11. e3 c5 12. f3 Nxd2 13. Qxd2 Bc6 14. c3 g5
15. f4 c4 16. Rfc1 h5 17. fxg5 Qxg5 18. Qf2 Rf7 19. Qf4 Qf6 20. Rf1 Raf8 21. b3
b5 22. bxc4 bxc4 23. Rab1 Rb7 24. h4 Rg7 25. Bf3 Be8 26. Kf2 Kh7 27. Rg1 Re7
28. Rb8 e5 29. dxe5 Rxe5 30. Rd1 Qd6 31. Rb7+ Qe7 32. Rxe7+ Rxe7 33. Rxd5 Bg6
34. Rd6 Rb8 35. Qxc4 Rb2+ 36. Be2 Rbb7 37. Bd3 Rbc7 38. Qd4 Rf7 39. c4 1-0

[Event "Montreal CC-ch"]
[Site "Montreal CAN"]
[Date "2023.06.17"]
[Round "2.12"]
[White "Chanot, Frederic"]
[Black "Vignalou, Joseph"]
[Result "0-1"]
[WhiteElo "1158"]
[BlackElo "1551"]
[PlyCount "86"]
[EventDate "2023.06.16"]
[EventType "swiss"]
[EventRounds "5"]
[EventCountry "CAN"]

1. e4 c5 2. Nf3 d6 3. Bc4 a6 4. a4 Nc6 5. c3 Nf6 6. d3 e6 7. Bg5 Be7 8. Nbd2 h6
9. Be3 Ng4 10. Bf4 d5 11. exd5 exd5 12. Ba2 Bd6 13. Bxd6 Qxd6 14. O-O O-O 15.
Re1 Bf5 16. Nf1 Nce5 17. h3 Nxf2 18. Qe2 Nexd3 19. Bb1 Nxe1 20. Bxf5 Nxf3+ 21.
Qxf3 Ne4 22. Ne3 Nf6 23. Rd1 Rad8 24. Nc4 Qc7 25. Ne3 d4 26. Ng4 Nxg4 27. hxg4
dxc3 28. Rxd8 Rxd8 29. Qxc3 Rd1+ 30. Kf2 Qf4+ 31. Qf3 Rd2+ 32. Ke1 Qxf3 33.
gxf3 Rxb2 34. Kd1 c4 35. Kc1 c3 36. Bc8 Kf8 37. f4 Ke7 38. Bf5 Kd6 39. Be4 Kc5
40. f5 f6 41. Bf3 b6 42. Bb7 a5 43. Ba6 Rg2 0-1

[Event "Montreal CC-ch"]
[Site "Montreal CAN"]
[Date "2023.06.17"]
[Round "3.2"]
[White "Avarian, Sevag"]
[Black "Guillemette, Hugo"]
[Result "1/2-1/2"]
[WhiteElo "1949"]
[BlackElo "2125"]
[PlyCount "67"]
[EventDate "2023.06.16"]
[EventType "swiss"]
[EventRounds "5"]
[EventCountry "CAN"]

1. e4 c5 2. Nc3 e6 3. f4 d5 4. Nf3 dxe4 5. Nxe4 Nc6 6. Bb5 Bd7 7. Qe2 Nh6 8. b3
Nf5 9. Bb2 a6 10. Bxc6 Bxc6 11. O-O-O Qc7 12. g3 Rd8 13. Rhe1 Nd4 14. Nxd4 cxd4
15. d3 Bb4 16. Rf1 O-O 17. f5 exf5 18. Rxf5 f6 19. Kb1 Qe7 20. Qf2 Bxe4 21.
dxe4 Qxe4 22. Rf4 Qe3 23. Qf1 Bc3 24. Rf3 Qe6 25. Bxc3 dxc3 26. Rxc3 b5 27.
Rcd3 Qb6 28. Qf5 Rxd3 29. Qxd3 Qf2 30. Qd5+ Kh8 31. Qd6 Kg8 32. Qd5+ Kh8 33.
Qd6 Kg8 34. Qd5+ 1/2-1/2